Music Quiz

Random Music or Clickable Quiz

Who Sang It? Quiz Stats

 Plays Quiz not verified by Sporcle

Challenge
Share
Tweet
Embed
Score 0/20 Timer 10:00
0 Plays Today
% Correct
Carly Rae Jespen
93.3%
Kelly Clarkson
93.3%
Adele
93.3%
Maroon 5
92%
Katy Perry
90.7%
Bruno Mars
89.3%
Taylor Swift
81.3%
Lady Gaga
81.3%
Nicki Minaj
80%
Fun
78.7%
% Correct
Selena Gomez
72%
Wiz Khalifa
69.3%
Lil Wayne
66.7%
T-Pain
64%
Justin Bieber
61.3%
Rihanna
60%
Chris Brown
56%
Trey Songz Ft. Nicki Minaj
50.7%
Big Time Rush
33.3%
Melanie Fiona
32%

You're not logged in!

Compare scores with friends on all Sporcle quizzes.
OR
Log In

You Might Also Like...

Show Comments

Extras

Top Quizzes Today


Score Distribution

Your Account Isn't Verified!

In order to create a playlist on Sporcle, you need to verify the email address you used during registration. Go to your Sporcle Settings to finish the process.

Report this User

Report this user for behavior that violates our Community Guidelines.

Details: